Borussia Mönchengladbach - Statistiken

Allgemein
  • Dieses Quiz wurde 80 mal gespielt
  • Das Durchschnittsergebnis liegt bei 22 aus 31
Antwortstatistiken
Number Name % Korrekt
1 Jonas Omlin
94%
9 Franck Honorat
92%
30 Nico Elvedi
92%
11 Tim Kleindienst
92%
8 Julian Weigl
90%
20 Luca Netz
90%
5 Marvin Friedrich
90%
27 Rocco Reitz
90%
10 Florian Neuhaus
89%
29 Joe Scally
87%
33 Moritz Nicolas
87%
25 Robin Hack
87%
26 Lukas Ullrich
86%
14 Alassane Pléa
84%
3 Ko Itakura
84%
7 Kevin Stöger
83%
2 Fabio Chiarodia
79%
16 Philipp Sander
78%
31 Tomaš Čvančara
76%
19 Nathan Ngoumou
75%
13 Shio Fukuda
73%
21 Tobias Sippel
71%
22 Stefan Lainer
68%
42 Tiago Pereira Cardoso
51%
28 Grant-Leon Ranos
44%
41 Jan Olschowsky
40%
23 Noah Pesch
40%
38 Yvandro Borges Sanches
40%
39 Niklas Swider
38%
35 Kilian Sauck
10%
44 Jamil Najjar
2%
Keine übereinstimmenden Quizze gefunden
Verteilung der Resultate
Anzahl Personen mit jedem Resultat
Perzentil nach korrekt beantworteten Fragen
Ihre Resultats-Entwicklung
Sie haben dieses Quiz noch nicht gespielt